000 00961nam a2200253 i 4500
001 18368
003 ES-MaACL
005 20240228143516.0
007 t|
008 011023s2001 sp ||||1| spa d
020 _a84-95242-10-9
080 _a327(460:94)(091)
080 _a327(94:460)(091)
100 1 _aFernández-Shaw, Carlos,
_d1924-2012
_950099
245 1 0 _aEspaña y Australia
_b: quinientos años de relaciones /
_cCarlos M. Fernández-Shaw.
260 _aAlpedrete (Madrid) :
_bAlymar,
_c[2001]
300 _a537 p. :
_bil. ;
_c24 cm.
500 _aEn la port.: Secretaría General Técnica, Dirección General de Relaciones Culturales y Científicas, Ministerio de Asuntos Exteriores de España.
504 _aBibliografía: p. 499-522.
651 4 _aAustralia-
_xRelaciones-
_zEspaña-
_xHistoria.
_97842
651 4 _aEspaña-
_xRelaciones-
_zAustralia
_98458
852 _aES-MaACL
_jL-25030
_bR.130245
999 _c18368
_d18368